| 000 | 00424cam a2200169ua 4500 | ||
|---|---|---|---|
| 003 | OSt | ||
| 008 | 240203b |||||||| |||| 00| 0 eng d | ||
| 020 | _a0176 934 0 | ||
| 041 | _aeng | ||
| 082 |
_a631.4 _bSTE/AD |
||
| 100 |
_aStewart, B A . _9451 |
||
| 245 | _aAdvances in soil science vol-6 / | ||
| 260 |
_aNew York : _bSpringer Verlag , _c1989. |
||
| 300 | _a222 ; . | ||
| 700 |
_aSoil science _95824 |
||
| 942 | _cBK | ||
| 999 |
_c10503 _d10503 |
||